000 00601nam a2200205 u 4500
005 20240924071314.0
008 160726s2011 mx r 000 0 spa d
035 _aUPN01000211927
049 _aI
050 4 _aPZ74.3
_bB7.24
100 1 _aBruel, Christian,
_d1948-
_939856
245 1 0 _aAlbuum /
_cChristian Bruel, Nicole Claveloux.
260 _aMéxico :
_bTecolote,
_c2011.
300 _a[24] p. :
_bil. col.
534 _pTítulo original :
_tAlboum
650 4 _aRimas infantiles
_910247
650 2 _aCuentos de aventuras
_99134
650 4 _aLiteratura infantil
_94445
905 _aInfantil
999 _c184028
_d184028